[Event "BL2-Sued 2122"]
[Site "Germany"]
[Date "2022.06.18"]
[Round "7.7"]
[White "Tran, Thanh Kien"]
[Black "Fichter, Fabian"]
[Result "1/2-1/2"]
[WhiteElo "2136"]
[BlackElo "2229"]
[PlyCount "33"]
[EventDate "2022.03.05"]
[EventType "team-tourn"]
[EventRounds "10"]
[EventCountry "GER"]
[SourceTitle "EXT 2023"]
[Source "ChessBase"]
[SourceDate "2022.10.05"]
[SourceVersion "1"]
[SourceVersionDate "2022.10.05"]
[SourceQuality "1"]
[WhiteTeam "Boeblingen"]
[BlackTeam "Walldorf"]
[WhiteTeamCountry "GER"]
[BlackTeamCountry "GER"]

1. d4 d5 2. c4 c6 3. cxd5 cxd5 4. Bg5 Nc6 5. Nc3 Nf6 6. Bxf6 gxf6 7. e3 a6 8. f4 h5 9. Nf3 Bg4 10. Be2 e6 11. 0-0 h4 12. Rc1 Rc8 13. Qb3 Na5 14. Qa4+ Nc6 15. Qb3 Na5 16. Qa4+ Nc6 17. Qb3 1/2-1/2

[Event "Karlsruhe Grenke op"]
[Site "Karlsruhe"]
[Date "2019.04.18"]
[Round "1"]
[White "Korley, Kassa"]
[Black "Tran, Thanh Kien"]
[Result "1/2-1/2"]
[WhiteElo "2440"]
[BlackElo "2111"]
[PlyCount "52"]
[EventDate "2019.04.18"]
[EventType "swiss"]
[EventRounds "9"]
[EventCountry "GER"]
[SourceTitle "CBM 189 Extra"]
[Source "ChessBase"]
[SourceDate "2019.06.03"]
[SourceVersion "1"]
[SourceVersionDate "2019.06.03"]
[SourceQuality "1"]

1. d4 Nf6 2. Nf3 g6 3. c4 Bg7 4. Nc3 d5 5. Bg5 Ne4 6. Bf4 Nxc3 7. bxc3 dxc4 8. e3 c5 9. Bxc4 cxd4 10. cxd4 Qa5+ 11. Qd2 Nc6 12. Rc1 0-0 13. Qxa5 Nxa5 14. Bd5 Bd7 15. Rc7 Rac8 16. Kd2 Rxc7 17. Bxc7 e6 18. Be4 Nc4+ 19. Ke2 Rc8 20. Bg3 Bb5 21. Bd3 Na3 22. Bxb5 Nxb5 23. Kd2 Nc3 24. Rc1 Ne4+ 25. Kd1 Rxc1+ 26. Kxc1 Nxg3 1/2-1/2

[Event "Oberliga Wuerttemberg 1819"]
[Site "Wuerttemberg"]
[Date "2018.12.02"]
[Round "4"]
[White "Tran, Thanh Kien"]
[Black "Birkenmaier, Rainer"]
[Result "1/2-1/2"]
[WhiteElo "2115"]
[BlackElo "2093"]
[PlyCount "147"]
[EventDate "2018.09.23"]
[EventType "team-tourn"]
[EventRounds "9"]
[EventCountry "GER"]
[SourceTitle "EXT 2020"]
[Source "ChessBase"]
[SourceDate "2019.10.17"]
[SourceVersion "1"]
[SourceVersionDate "2019.10.17"]
[SourceQuality "1"]
[WhiteTeam "Boeblingen"]
[BlackTeam "Biberach"]
[WhiteTeamCountry "GER"]
[BlackTeamCountry "GER"]

1. d4 Nf6 2. c4 e6 3. Nc3 d5 4. Bg5 c6 5. e3 Nbd7 6. Nf3 Qa5 7. Nd2 Bb4 8. Qc2 Ne4 9. Ndxe4 dxe4 10. Bh4 f5 11. Be2 e5 12. 0-0 0-0 13. f3 exf3 14. Bxf3 Nf6 15. a3 Bxc3 16. Qxc3 Qxc3 17. bxc3 Ne4 18. Bxe4 fxe4 19. Rxf8+ Kxf8 20. Rf1+ Kg8 21. dxe5 Be6 22. c5 Bc4 23. Rb1 Ba6 24. Rb4 Rf8 25. h3 Kf7 26. Rxe4 Ke6 27. Bg3 Rf1+ 28. Kh2 Rf7 29. Rd4 Rd7 30. Rd6+ Rxd6 31. exd6 b6 32. cxb6 axb6 33. e4 Bd3 34. e5 b5 35. Kg1 Bf5 36. Kf2 Kd5 37. Ke3 g5 38. Bh2 c5 39. h4 h6 40. hxg5 hxg5 41. Kf3 c4 42. Ke3 Bg4 43. Bg3 Bd7 44. Kf3 Be6 45. Bh2 Bd7 46. g4 Be6 47. Bg3 Bd7 48. Bh2 Be6 49. Bg1 Kxe5 50. Be3 Kf6 51. Bd4+ Kf7 52. Bb6 Bd7 53. Bd8 Kg6 54. Bc7 Kf6 55. Bb6 Kf7 56. Bd4 Bc6+ 57. Ke3 Bd7 58. Kf3 Bc6+ 59. Kg3 Bd7 60. Be3 Kf6 61. Bd4+ Kf7 62. Bb6 Be6 63. Bd8 Kg6 64. Bc7 Kf6 65. Bb6 Bd7 66. Bc5 Kf7 67. Be3 Kf6 68. Bc1 Bc8 69. Bd2 Be6 70. Kf3 Bd7 71. Be3 Bc6+ 72. Kg3 Bd7 73. Bd4+ Kf7 74. Kf3 1/2-1/2

[Event "Stuttgart-chA int"]
[Site "Ditzingen"]
[Date "2018.05.12"]
[Round "6"]
[White "Narr, Kevin"]
[Black "Tran, Thanh Kien"]
[Result "1/2-1/2"]
[WhiteElo "2089"]
[BlackElo "2194"]
[PlyCount "50"]
[EventDate "2018.05.10"]
[EventType "swiss"]
[EventRounds "7"]
[EventCountry "GER"]
[SourceTitle "EXT 2020"]
[Source "ChessBase"]
[SourceDate "2019.10.17"]
[SourceVersion "1"]
[SourceVersionDate "2019.10.17"]
[SourceQuality "1"]

1. d4 Nf6 2. Nf3 g6 3. c4 Bg7 4. e3 0-0 5. Be2 c5 6. d5 d6 7. Nc3 e6 8. e4 exd5 9. exd5 Re8 10. 0-0 Ne4 11. Nxe4 Rxe4 12. Bd3 Re8 13. Bg5 Bf6 14. Qd2 Nd7 15. Qf4 Bxg5 16. Nxg5 Ne5 17. Rae1 f6 18. Ne4 Nxd3 19. Nxf6+ Kf7 20. Rxe8 Qxe8 21. Qh4 Qe2 22. Qxh7+ Kxf6 23. Qh4+ Kf7 24. Qh7+ Kf6 25. Qh4+ Kf7 1/2-1/2

[Event "BL2-Sued 1718"]
[Site "Germany"]
[Date "2018.02.25"]
[Round "10.4"]
[White "Tran, Thanh Kien"]
[Black "Weichhold, Pawel"]
[Result "0-1"]
[WhiteElo "2224"]
[BlackElo "2424"]
[PlyCount "52"]
[EventDate "2017.10.21"]
[EventType "team-tourn"]
[EventRounds "10"]
[EventCountry "GER"]
[SourceTitle "CBM 183 Extra"]
[Source "ChessBase"]
[SourceDate "2018.04.19"]
[SourceVersion "1"]
[SourceVersionDate "2018.04.19"]
[SourceQuality "1"]
[WhiteTeam "Boeblingen"]
[BlackTeam "Heusenstamm"]
[WhiteTeamCountry "GER"]
[BlackTeamCountry "GER"]

1. d4 Nf6 2. c4 g6 3. Nc3 Bg7 4. e4 d6 5. Nf3 0-0 6. Be2 c5 7. d5 e5 8. 0-0 Ne8 9. Ne1 Nd7 10. Nd3 f5 11. exf5 gxf5 12. f4 e4 13. Nf2 Bd4 14. Kh1 a6 15. g4 e3 16. Nh3 Ndf6 17. gxf5 Bxf5 18. Ng5 Ng7 19. Bd3 Qd7 20. Ne2 Rae8 21. Bxf5 Nxf5 22. Qd3 Ng4 23. Ne4 Qe7 24. Rg1 Qh4 25. Rg2 Kh8 26. N2g3 Nxg3+ 0-1

[Event "BL2-Sued 1718"]
[Site "Germany"]
[Date "2018.02.24"]
[Round "9.4"]
[White "Walter, Stefan1111"]
[Black "Tran, Thanh Kien"]
[Result "1-0"]
[WhiteElo "2404"]
[BlackElo "2224"]
[PlyCount "115"]
[EventDate "2017.10.21"]
[EventType "team-tourn"]
[EventRounds "10"]
[EventCountry "GER"]
[SourceTitle "CBM 183 Extra"]
[Source "ChessBase"]
[SourceDate "2018.04.19"]
[SourceVersion "1"]
[SourceVersionDate "2018.04.19"]
[SourceQuality "1"]
[WhiteTeam "Griesheim"]
[BlackTeam "Boeblingen"]
[WhiteTeamCountry "GER"]
[BlackTeamCountry "GER"]

1. d4 Nf6 2. c4 g6 3. Nc3 d5 4. Nf3 Bg7 5. Bg5 Ne4 6. cxd5 Nxg5 7. Nxg5 e6 8. Nf3 exd5 9. e3 0-0 10. b4 Be6 11. Be2 c6 12. 0-0 Qe7 13. Qb3 a6 14. a4 Nd7 15. Rfc1 Rae8 16. Bf1 f5 17. b5 axb5 18. axb5 f4 19. Re1 fxe3 20. Rxe3 Bh6 21. Ree1 Rxf3 22. gxf3 Qg5+ 23. Kh1 Qh4 24. Ne2 Qxf2 25. f4 Bg4 26. Qg3 Bf3+ 27. Bg2 Rxe2 28. Bxf3 Rxe1+ 29. Rxe1 Qxd4 30. Qh3 Qg7 31. bxc6 bxc6 32. Qe6+ Kh8 33. Qxc6 Bxf4 34. Qxd5 Nf8 35. Qc5 Qf6 36. Rf1 Bd6 37. Qg1 Qe5 38. Re1 Qf4 39. Qg2 Qf6 40. Bd5 Nd7 41. Qh3 Nf8 42. Ba2 Qb2 43. Bc4 Qb4 44. Qf1 Qb7+ 45. Qg2 Qb4 46. Rc1 Qc5 47. Qe4 Qh5 48. Qd4+ Be5 49. Qf2 Qf5 50. Qxf5 gxf5 51. Rg1 Ng6 52. Bd3 f4 53. Bxg6 hxg6 54. Rxg6 f3 55. Rg4 Bd6 56. Rc4 Kg7 57. h3 Kf6 58. Rc3 1-0

[Event "Oberliga Wuerttemberg 1617"]
[Site "Wuerttemberg"]
[Date "2017.02.05"]
[Round "7.6"]
[White "Tran, Thanh Kien"]
[Black "Krockenberger, Martin"]
[Result "1/2-1/2"]
[WhiteElo "2186"]
[BlackElo "2209"]
[PlyCount "29"]
[EventDate "2016.09.25"]
[EventType "team-tourn"]
[EventRounds "11"]
[EventCountry "GER"]
[SourceTitle "EXT 2019"]
[Source "ChessBase"]
[SourceDate "2018.10.10"]
[SourceVersion "1"]
[SourceVersionDate "2018.10.10"]
[SourceQuality "1"]
[WhiteTeam "Boeblingen"]
[BlackTeam "Schmiden Cannstatt"]
[WhiteTeamCountry "GER"]
[BlackTeamCountry "GER"]

1. d4 Nf6 2. c4 g6 3. Nc3 Bg7 4. e4 d6 5. Nf3 0-0 6. Be2 e5 7. Be3 Ng4 8. Bg5 f6 9. Bc1 exd4 10. Nxd4 f5 11. Bxg4 fxg4 12. Be3 Nc6 13. Nxc6 bxc6 14. 0-0 Be6 15. Bd4 1/2-1/2

[Event "Oberliga Wuerttemberg 1516"]
[Site "Wuerttemberg"]
[Date "2015.11.15"]
[Round "3.6"]
[White "Sokratov, Stanislav"]
[Black "Tran, Thanh Kien"]
[Result "1/2-1/2"]
[WhiteElo "2186"]
[BlackElo "2085"]
[PlyCount "119"]
[EventDate "2015.09.20"]
[EventType "team-tourn"]
[EventRounds "9"]
[EventCountry "GER"]
[SourceTitle "EXT 2019"]
[Source "ChessBase"]
[SourceDate "2018.10.10"]
[SourceVersion "1"]
[SourceVersionDate "2018.10.10"]
[SourceQuality "1"]
[WhiteTeam "Erdmannhausen"]
[BlackTeam "Boeblingen"]
[WhiteTeamCountry "GER"]
[BlackTeamCountry "GER"]

1. d4 Nf6 2. c4 g6 3. Nc3 d5 4. cxd5 Nxd5 5. e4 Nxc3 6. bxc3 Bg7 7. Qa4+ Nd7 8. Be3 0-0 9. Bd3 Nc5 10. Qc2 Nxd3+ 11. Qxd3 c5 12. Ne2 cxd4 13. cxd4 Qa5+ 14. Qd2 Qxd2+ 15. Kxd2 Rd8 16. Rac1 Bxd4 17. Bxd4 e5 18. Ke3 exd4+ 19. Nxd4 Bd7 20. Rc7 Rab8 21. Rb1 b5 22. Rxa7 Ra8 23. Nxb5 Bxb5 24. Rxa8 Rxa8 25. Rxb5 Rxa2 26. Rb8+ Kg7 27. e5 Ra3+ 28. Kf4 Ra4+ 29. Kg3 h5 30. f4 Ra3+ 31. Kh4 Ra2 32. Kh3 Ra3+ 33. g3 Ra2 34. Re8 Re2 35. Re7 Kf8 36. Ra7 Kg7 37. Rb7 Kf8 38. Kh4 Rxh2+ 39. Kg5 Ra2 40. e6 Ra5+ 41. Kh6 fxe6 42. Kxg6 Ra3 43. Kf6 Ke8 44. Re7+ Kf8 45. Rh7 Rxg3 46. Rh8+ Rg8 47. Rxh5 Ke8 48. Kxe6 Rg6+ 49. Ke5 Ra6 50. Rh7 Kf8 51. f5 Kg8 52. Re7 Kf8 53. Rb7 Ra5+ 54. Kf6 Ra6+ 55. Kg5 Kg8 56. Re7 Kf8 57. Rh7 Kg8 58. Rc7 Kf8 59. Rb7 Kg8 60. Rc7 1/2-1/2

[Event "Werther Schloss op 21st"]
[Site "Werther"]
[Date "2015.03.26"]
[Round "2"]
[White "Naundorf, Maik"]
[Black "Tran, Thanh Kien"]
[Result "1/2-1/2"]
[WhiteElo "2174"]
[BlackElo "2056"]
[PlyCount "36"]
[EventDate "2015.03.26"]
[EventType "swiss"]
[EventRounds "7"]
[EventCountry "GER"]
[SourceTitle "CBM 165 Extra"]
[Source "ChessBase"]
[SourceDate "2015.04.21"]
[SourceVersion "1"]
[SourceVersionDate "2015.04.21"]
[SourceQuality "1"]

1. c4 Nf6 2. g3 c6 3. Nf3 g6 4. b3 Bg7 5. Bb2 0-0 6. Bg2 d5 7. 0-0 e6 8. d3 b6 9. Nbd2 Bb7 10. Rc1 c5 11. cxd5 exd5 12. d4 Nbd7 13. Qc2 Re8 14. Rfe1 Rc8 15. Qb1 Ba6 16. e3 Bb7 17. Bh3 Rc7 18. Bg2 Rc8 1/2-1/2

[Event "St Leon Rot op"]
[Site "St Leon Rot"]
[Date "2011.12.28"]
[Round "3"]
[White "Villing, Dieter"]
[Black "Tran, Thanh Kien"]
[Result "1-0"]
[WhiteElo "2187"]
[BlackElo "1945"]
[PlyCount "113"]
[EventDate "2011.12.27"]
[EventType "swiss"]
[EventRounds "7"]
[EventCountry "GER"]
[SourceTitle "CBM 146 Extra"]
[Source "ChessBase"]
[SourceDate "2012.02.29"]
[SourceVersion "1"]
[SourceVersionDate "2012.02.29"]
[SourceQuality "1"]

1. e4 d5 2. exd5 Qxd5 3. Nc3 Qd6 4. d4 Nf6 5. Nf3 c6 6. g3 Bg4 7. Bg2 e6 8. 0-0 Be7 9. Bf4 Qd8 10. h3 Bxf3 11. Qxf3 Nbd7 12. Rad1 Nd5 13. Bc1 Nxc3 14. Qxc3 0-0 15. Be3 Nf6 16. Qb3 Qb6 17. c4 Qxb3 18. axb3 a5 19. Ra1 Ra6 20. g4 h6 21. f4 b5 22. g5 hxg5 23. fxg5 Nd7 24. Rfd1 bxc4 25. bxc4 Rb8 26. Ra2 Rb3 27. Bf4 Nb6 28. Bf1 Ra7 29. Rd3 Rb4 30. Bd2 Rxc4 31. b3 Rb4 32. Bxb4 Bxb4 33. Bg2 Nd5 34. Rc2 Bf8 35. Rf3 Nb4 36. Rc4 Be7 37. g6 fxg6 38. Re3 Kf7 39. Bxc6 Bf6 40. Rf3 Ke7 41. Be4 Rd7 42. Bxg6 Bxd4+ 43. Kg2 Bf6 44. Be4 Rd2+ 45. Rf2 Rd1 46. Re2 Kd6 47. Bf3 Rd3 48. Rce4 Rxb3 49. Rxe6+ Kc5 50. Re8 a4 51. Rc8+ Kd4 52. Re4+ Kd3 53. Re1 Rb2+ 54. Kg3 a3 55. Rc7 Bd4 56. Be4+ Kd2 57. Rcc1 1-0

[Event "Oberliga Sued W 1112"]
[Site "Germany"]
[Date "2011.10.23"]
[Round "2"]
[White "Tran, Thanh Kien"]
[Black "Kalepky, Helmut"]
[Result "1-0"]
[WhiteElo "1945"]
[BlackElo "2120"]
[PlyCount "97"]
[EventDate "2011.09.25"]
[EventType "team-tourn"]
[EventRounds "9"]
[EventCountry "GER"]
[SourceTitle "EXT 2013"]
[Source "ChessBase"]
[SourceDate "2012.11.22"]
[SourceVersion "1"]
[SourceVersionDate "2012.11.22"]
[SourceQuality "1"]
[WhiteTeam "Worms"]
[BlackTeam "Heidesheim"]
[WhiteTeamCountry "GER"]
[BlackTeamCountry "GER"]

1. d4 d6 2. c4 e5 3. Nc3 exd4 4. Qxd4 Nf6 5. Bg5 Be7 6. 0-0-0 Nc6 7. Qd2 Be6 8. e4 h6 9. Be3 Ng4 10. f4 Nxe3 11. Qxe3 Qc8 12. Kb1 a6 13. Nf3 Bg4 14. Be2 Rb8 15. h3 Bxf3 16. Bxf3 f5 17. exf5 Qxf5+ 18. Be4 Qc5 19. Bg6+ Kf8 20. Qe6 Nd8 21. Qd7 Nc6 22. Rd5 Qe3 23. Rf5+ Kg8 24. Re5 Nxe5 25. Qe6+ Kf8 26. Nd5 Nxg6 27. Nxe3 Bf6 28. Nd5 Re8 29. Qf5 Ne7 30. Nxe7 Kxe7 31. c5 Kf7 32. Qd5+ Kg6 33. cxd6 cxd6 34. g4 Kh7 35. Qf5+ Kg8 36. g5 hxg5 37. fxg5 Rh5 38. Qg6 Re2 39. Qxh5 Rxb2+ 40. Kc1 Be5 41. Qe8+ Kh7 42. Qxe5 dxe5 43. Kxb2 Kg6 44. h4 Kf5 45. Kc2 g6 46. Kd3 b5 47. h5 gxh5 48. Rxh5 Kg6 49. Rh6+ 1-0